|
|
|
|
| LEADER |
00000nam0a2200000 4500 |
| 001 |
329738 |
| 005 |
20231102004206.0 |
| 035 |
|
|
|a (RuTPU)RU\TPU\book\355506
|
| 090 |
|
|
|a 329738
|
| 100 |
|
|
|a 20170320d1968 km y0rusy50 ca
|
| 101 |
0 |
|
|a rus
|
| 102 |
|
|
|a RU
|
| 105 |
|
|
|a a z 001zy
|
| 200 |
1 |
|
|a Расчет и конструирование машин контактной сварки
|f Л. В. Глебов, Н. А. Пескарев, Д. С. Файгенбаум
|
| 210 |
|
|
|a Ленинград
|c Энергия
|d 1968
|
| 215 |
|
|
|a 410 с.
|c ил.
|
| 320 |
|
|
|a Библиогр.: с. 403-408
|
| 606 |
1 |
|
|a Контактная сварка
|2 stltpush
|3 (RuTPU)RU\TPU\subj\72774
|9 86168
|
| 610 |
1 |
|
|a расчет
|
| 610 |
1 |
|
|a конструирование
|
| 610 |
1 |
|
|a электрические схемы
|
| 610 |
1 |
|
|a конструкции
|
| 610 |
1 |
|
|a вторичный контур
|
| 610 |
1 |
|
|a трансформаторы
|
| 610 |
1 |
|
|a выключающие устройства
|
| 610 |
1 |
|
|a гидроприводы
|
| 610 |
1 |
|
|a пневмоприводы
|
| 610 |
1 |
|
|a узлы
|
| 610 |
1 |
|
|a детали
|
| 610 |
1 |
|
|a станины
|
| 610 |
1 |
|
|a проектирование
|
| 675 |
|
|
|a 621.791.76
|v 4
|
| 700 |
|
1 |
|a Глебов
|b Л. В.
|g Леонид Викторович
|
| 701 |
|
1 |
|a Пескарев
|b Н. А.
|g Николай Александрович
|
| 701 |
|
1 |
|a Файгенбаум
|b Д. С.
|g Даниил Самойлович
|
| 801 |
|
1 |
|a RU
|b 63413507
|c 20170320
|
| 801 |
|
2 |
|a RU
|b 63413507
|c 20170323
|g RCR
|
| 942 |
|
|
|c BK
|